[Event "12th EUR-ch"]
[Site "Aix-les-Bains FRA"]
[Date "2011.03.26"]
[Round "5.117"]
[White "Dolzhykova, Kateryna"]
[Black "Roser, Kevin"]
[Result "0-1"]
[WhiteElo "2265"]
[BlackElo "2423"]
[EventDate "2011.03.22"]
[PlyCount "48"]

1.e4 c5 2.Nf3 Nc6 3.Bb5 g6 4.Bxc6 dxc6 5.d3 Bg7 6.h3 b6 7.Nc3 e5 8.Be3 Ne7
9.Qd2 h6 10.g4 Be6 11.O-O-O g5 12.Ne2 Ng6 13.Ng3 Qc7 14.Nf5 f6 15.h4 O-O-O
16.hxg5 hxg5 17.Bxg5 c4 18.d4 exd4 19.Rxh8 Bxh8 20.Bh6 c5 21.g5 Qc6 22.Re1
Qa4 23.c3 dxc3 24.Qxc3 Rd3 0-1

[Event "12th EUR-ch"]
[Site "Aix-les-Bains FRA"]
[Date "2011.03.26"]
[Round "5.118"]
[White "Sahitaj, Naim"]
[Black "Vedmediuc, Serghei"]
[Result "1-0"]
[WhiteElo "2235"]
[BlackElo "2422"]
[EventDate "2011.03.22"]
[PlyCount "137"]

1.d4 g6 2.c4 Bg7 3.Nc3 Nf6 4.e4 d6 5.Be2 O-O 6.Be3 e5 7.d5 Na6 8.g4 Nc5 9.
f3 a5 10.Nh3 Ne8 11.Nf2 f5 12.gxf5 gxf5 13.exf5 Bxf5 14.Qd2 Nf6 15.O-O-O 
Nh5 16.Nfe4 b6 17.Rdg1 Nf4 18.h4 Kh8 19.Bd1 Bh6 20.Bc2 Qe7 21.Ng5 Bxc2 22.
Kxc2 Qd7 23.Kb1 Rf5 24.Ne2 Bxg5 25.hxg5 Ng6 26.f4 Rf7 27.fxe5 Qf5+ 28.Ka1 
Ne4 29.Qc1 dxe5 30.Ng3 Nxg3 31.Rxg3 Qe4 32.Bd2 Raf8 33.Re1 Qh4 34.Rgg1 Rf2
35.Be3 Rh2 36.c5 bxc5 37.Qxc5 Rb8 38.Rb1 a4 39.Qxc7 Qb4 40.Ba7 Rb7 41.Qc8+
Kg7 42.Bc5 Qb5 43.Rgf1 h5 44.gxh6+ Kxh6 45.Ba3 Qxd5 46.Rbd1 Qb5 47.Rg1 Kg7
48.Rxg6+ Kxg6 49.Rg1+ Kf6 50.Qf8+ Rf7 51.Qd8+ Kf5 52.Qg5+ Ke4 53.Qg6+ Rf5 
54.Re1+ Kf4 55.Qg1 Rfh5 56.Qe3+ Kf5 57.Qf3+ Ke6 58.Qg4+ Rf5 59.Qg8+ Rf7 
60.Qg1 Rf6 61.Qg8+ Kf5 62.Qc8+ Kf4 63.Qc1+ Kf5 64.Qc8+ Kf4 65.Qc1+ Kf5 66.
Rf1+ Ke6 67.Qc8+ Qd7 68.Qa6+ Kd5 69.Qxf6 1-0

[Event "12th EUR-ch"]
[Site "Aix-les-Bains FRA"]
[Date "2011.03.26"]
[Round "5.119"]
[White "Houska, Jovanka"]
[Black "Jadrijevic, Ante"]
[Result "1-0"]
[WhiteElo "2419"]
[BlackElo "2247"]
[EventDate "2011.03.22"]
[PlyCount "77"]

1.d4 d5 2.Nf3 Nf6 3.c4 c6 4.e3 Bf5 5.Nc3 e6 6.Nh4 Bg6 7.Be2 Nbd7 8.O-O Qc7
9.g3 dxc4 10.Bxc4 Bh5 11.Be2 Bxe2 12.Qxe2 c5 13.Bd2 Be7 14.Rac1 O-O 15.
dxc5 Qxc5 16.Na4 Qd5 17.Nc3 Qa5 18.e4 Rfc8 19.Nf3 Qh5 20.Kg2 Bb4 21.a3 Ba5
22.h3 Bxc3 23.Bxc3 Qg6 24.Rfe1 Nc5 25.Bxf6 Qxf6 26.Qc2 Qd8 27.Red1 Qe8 28.
b4 Nd7 29.Qa4 Nf6 30.Qxe8+ Rxe8 31.Rc7 Nxe4 32.Rdd7 Rf8 33.Ne5 a5 34.b5 b6
35.f3 Nc5 36.Re7 Rfd8 37.Nxf7 Rd2+ 38.Kf1 h6 39.Ne5 1-0

[Event "12th EUR-ch"]
[Site "Aix-les-Bains FRA"]
[Date "2011.03.26"]
[Round "5.120"]
[White "Poetsch, Hagen"]
[Black "Villegas, Pierre"]
[Result "1-0"]
[WhiteElo "2415"]
[BlackElo "2246"]
[EventDate "2011.03.22"]
[PlyCount "139"]

1.e4 c5 2.Nf3 d6 3.d4 cxd4 4.Nxd4 Nf6 5.Nc3 a6 6.h3 Nc6 7.Be3 e5 8.Nde2 
Be6 9.Nd5 Bxd5 10.exd5 Qa5+ 11.Nc3 Ne7 12.Bc4 b5 13.Bb3 b4 14.Na4 Nexd5 
15.Bd2 Be7 16.c4 bxc3 17.Nxc3 Nxc3 18.Bxc3 Qd8 19.Ba4+ Nd7 20.Qg4 g6 21.
O-O-O h5 22.Qe4 O-O 23.Bxd7 Qxd7 24.Qxe5 dxe5 25.Rxd7 Bc5 26.f3 f6 27.Rhd1
Rf7 28.b4 Be3+ 29.Kb2 Ra7 30.R7d6 Kg7 31.Re6 Rfb7 32.Kc2 Rb6 33.Rxb6 Bxb6 
34.Rd6 Bc7 35.Rd7+ Kf8 36.Bd2 Ke8 37.Rg7 Bb6 38.Rxg6 Rc7+ 39.Kd3 Rd7+ 40.
Ke2 Kf7 41.Rh6 Kg7 42.Rxh5 Rc7 43.Kd3 Rd7+ 44.Kc2 Rc7+ 45.Kb3 Rd7 46.Bc3 
Bf2 47.g4 Rd8 48.Rf5 Be3 49.h4 Kg6 50.a4 Rd1 51.h5+ Kg7 52.g5 Bxg5 53.Bxe5
Kf7 54.Bc3 Rd6 55.Kc4 Ke6 56.Rc5 Be3 57.Rc7 Kf5 58.b5 axb5+ 59.axb5 Kg5 
60.Rc6 Rd7 61.Rxf6 Kxh5 62.b6 Kg5 63.Be5 Rb7 64.Kb5 Re7 65.Bc3 Rb7 66.Ka6 
Rb8 67.b7 Bf4 68.Rc6 Kh4 69.Rc8 Kg3 70.Ka7 1-0

[Event "12th EUR-ch"]
[Site "Aix-les-Bains FRA"]
[Date "2011.03.26"]
[Round "5.121"]
[White "Battaglini, Gabriel"]
[Black "Naudier, Serge"]
[Result "1-0"]
[WhiteElo "2413"]
[BlackElo "2223"]
[EventDate "2011.03.22"]
[PlyCount "87"]

1.d4 Nf6 2.c4 e6 3.Nc3 d5 4.cxd5 exd5 5.Bg5 Be7 6.e3 c6 7.Bd3 Nbd7 8.Qc2 
O-O 9.Nge2 Re8 10.O-O Nf8 11.f3 Be6 12.Bh4 Rc8 13.Bf2 Ng6 14.Kh1 c5 15.
dxc5 Bxc5 16.Rad1 Ne5 17.Nd4 Bb4 18.Bh4 Ng6 19.Nxe6 Rxe6 20.Bf2 Bxc3 21.
bxc3 Qa5 22.Bf5 Rxc3 23.Be1 Rxc2 24.Bxa5 Rxa2 25.Bxe6 Rxa5 26.Bc8 b6 27.
Ra1 Rb5 28.Rfb1 Rxb1+ 29.Rxb1 Ne5 30.Ba6 Kf8 31.Rc1 Ne8 32.Rc8 Ke7 33.Ra8 
Nc6 34.Bb5 Nc7 35.Bxc6 Nxa8 36.Bxa8 Kd6 37.Kg1 a5 38.Kf2 a4 39.e4 d4 40.
Bd5 b5 41.Bxf7 b4 42.Be8 a3 43.Bf7 Kc5 44.Bb3 1-0

[Event "12th EUR-ch"]
[Site "Aix-les-Bains FRA"]
[Date "2011.03.26"]
[Round "5.122"]
[White "Shirazi, Kamran"]
[Black "Pavlidou, Ekaterini"]
[Result "1/2-1/2"]
[WhiteElo "2403"]
[BlackElo "2204"]
[EventDate "2011.03.22"]
[PlyCount "105"]

1.Nf3 Nf6 2.g3 b6 3.Bg2 Bb7 4.O-O e6 5.d3 Be7 6.c4 O-O 7.Nc3 c5 8.e4 d6 9.
b3 Nbd7 10.Bb2 a6 11.Qc2 Qc7 12.Rae1 Rfd8 13.Ng5 h6 14.Nh3 Ne5 15.f4 Nc6 
16.Ne2 e5 17.Nf2 a5 18.a4 Nd4 19.Nxd4 cxd4 20.Ba3 Bf8 21.Qd1 Bc8 22.Bh3 
Bxh3 23.Nxh3 Qc8 24.fxe5 dxe5 25.Bxf8 Qxh3 26.Rxf6 gxf6 27.Be7 f5 28.Bxd8 
Rxd8 29.Qf3 fxe4 30.Rxe4 Qe6 31.Qh5 f5 32.Re2 Rd7 33.Rf2 Rf7 34.h3 e4 35.
dxe4 d3 36.e5 Qxe5 37.Qxh6 Rg7 38.Qf4 Rxg3+ 39.Kh2 Qxf4 40.Rxf4 d2 41.Rd4 
Rxb3 42.Rxd2 Rb4 43.c5 bxc5 44.Rd5 f4 45.Rxc5 Rxa4 46.h4 Ra2+ 47.Kh3 f3 
48.Kg3 f2 49.Kg2 Kf7 50.h5 Kg7 51.Rc6 a4 52.Ra6 a3 53.Kf1 1/2-1/2

[Event "12th EUR-ch"]
[Site "Aix-les-Bains FRA"]
[Date "2011.03.26"]
[Round "5.123"]
[White "Olivier, Jean-Christophe"]
[Black "Caroff, Frederic"]
[Result "1-0"]
[WhiteElo "2401"]
[BlackElo "2117"]
[EventDate "2011.03.22"]
[PlyCount "107"]

1.e4 c5 2.Nf3 d6 3.d4 cxd4 4.Nxd4 Nf6 5.Nc3 a6 6.Be2 e5 7.Nb3 Be7 8.Be3 
Be6 9.O-O O-O 10.a4 Nbd7 11.a5 Qc7 12.Qd2 Qc6 13.Bf3 Bc4 14.Rfd1 Rfc8 15.
Nc1 b5 16.axb6 Nxb6 17.Nb3 Bxb3 18.cxb3 Nbd7 19.Be2 Nc5 20.Bc4 Ncxe4 21.
Nxe4 Qxe4 22.Bg5 Qf5 23.Bxf6 Qxf6 24.Bd5 Ra7 25.Qe3 Rac7 26.Rxa6 Qf4 27.
Qxf4 exf4 28.g3 fxg3 29.hxg3 Rc1 30.Rxc1 Rxc1+ 31.Kg2 Rc5 32.Bc6 g5 33.b4 
Rc2 34.b5 d5 35.Bxd5 g4 36.b6 Rxb2 37.b7 Kg7 38.Ra2 Rb6 39.Ra8 Bd6 40.Rd8 
Be5 41.Rd7 Rf6 42.Re7 Bd6 43.Re8 Rf5 44.Bc6 Rc5 45.Bd7 Rd5 46.Bxg4 Rb5 47.
Bf3 h6 48.Rd8 Be5 49.Bd5 f6 50.f4 Bb8 51.Rxb8 Rxd5 52.Rc8 Rb5 53.b8=Q Rxb8
54.Rxb8 1-0

[Event "12th EUR-ch"]
[Site "Aix-les-Bains FRA"]
[Date "2011.03.26"]
[Round "5.124"]
[White "Joie, Sebastien"]
[Black "Zarkua, Davit"]
[Result "1/2-1/2"]
[WhiteElo "2231"]
[BlackElo "2397"]
[EventDate "2011.03.22"]
[PlyCount "129"]

1.Nf3 Nf6 2.c4 Nc6 3.d4 e6 4.Nc3 Bb4 5.Qc2 d6 6.Bg5 O-O 7.e3 e5 8.dxe5 
dxe5 9.Rd1 Qe7 10.a3 Bxc3+ 11.Qxc3 Bg4 12.Be2 Rfe8 13.Bxf6 Qxf6 14.b4 Rad8
15.O-O e4 16.Qxf6 gxf6 17.Nd4 Rxd4 18.Bxg4 Rxc4 19.Rc1 Ne5 20.Rxc4 Nxc4 
21.Rc1 Nd6 22.Rxc7 f5 23.Bh5 Kf8 24.Kf1 Re5 25.Rd7 Re6 26.Be2 Ke8 27.Rc7 
Re5 28.Rc5 Re6 29.g3 Kd8 30.Ra5 a6 31.a4 f6 32.Rc5 Re5 33.Ke1 Kd7 34.Rxe5 
fxe5 35.Kd2 Kc6 36.Kc3 Kd5 37.Bd1 b6 38.Bb3+ Kc6 39.h4 a5 40.Bg8 h6 41.Bc4
Kd7 42.Be2 Ke6 43.Bd1 Kf6 44.bxa5 bxa5 45.Bc2 Ke6 46.Bb3+ Kd7 47.Bd5 Kc7 
48.Be6 Kc6 49.g4 fxg4 50.Bxg4 Kc5 51.Be6 Ne8 52.Bf5 Kd5 53.Bc8 Nd6 54.Bg4 
Nb7 55.Bd1 Kc5 56.Bg4 Nd6 57.Kb3 Kb6 58.Kc3 Kc7 59.Kb3 Kd8 60.Kc3 Ke7 61.
Kb3 Kf7 62.Kc3 Kg6 63.Kb3 h5 64.Bh3 Kf6 65.Kc3 1/2-1/2

[Event "12th EUR-ch"]
[Site "Aix-les-Bains FRA"]
[Date "2011.03.26"]
[Round "5.125"]
[White "Moal, Alain"]
[Black "Manea, Alexandru"]
[Result "0-1"]
[WhiteElo "2224"]
[BlackElo "2392"]
[EventDate "2011.03.22"]
[PlyCount "192"]

1.e4 c5 2.Nf3 Nc6 3.d4 cxd4 4.Nxd4 Qc7 5.Nc3 e6 6.Be3 Nf6 7.Be2 a6 8.O-O 
Bb4 9.Na4 Be7 10.Nxc6 bxc6 11.Nb6 Rb8 12.Nxc8 Qxc8 13.Bd4 c5 14.Be5 Rb6 
15.Qd3 O-O 16.b3 d6 17.Bb2 Nd7 18.f4 Bf6 19.Bxf6 Nxf6 20.e5 dxe5 21.fxe5 
Nd7 22.Qe4 Rb4 23.c4 Qb7 24.Qxb7 Rxb7 25.Bf3 Rb6 26.Rfe1 Rd8 27.Rad1 Kf8 
28.Kf2 Ke7 29.Kg3 Nf8 30.Rxd8 Kxd8 31.Rd1+ Ke7 32.Kf4 Ng6+ 33.Ke4 Nh4 34.
g4 Ng6 35.Rd2 h6 36.Be2 a5 37.Bd1 Rb8 38.Rd3 Rd8 39.Rxd8 Kxd8 40.Bc2 Ke7 
41.Bd1 f6 42.exf6+ gxf6 43.Bc2 Kd6 44.Bd1 Ne7 45.Bc2 f5+ 46.gxf5 Nxf5 47.
Bd3 Nd4 48.Bf1 Ke7 49.Bd3 Kf6 50.Kf4 Nf5 51.Bc2 Nd6 52.Bb1 Nf7 53.Bc2 Ng5 
54.Bb1 Nh3+ 55.Kg3 Ng5 56.Kf4 Nf7 57.Bc2 Ne5 58.Bb1 Nc6 59.Bd3 Nd4 60.Bf1 
Nf5 61.Bd3 Ne7 62.Bc2 Nc8 63.Bd3 Nd6 64.Be4 Nf7 65.Bd3 Ng5 66.Bc2 e5+ 67.
Kg4 Ne6 68.Be4 Nd4 69.Bd3 Kf7 70.Kh5 Kg7 71.Kg4 Kf6 72.Kh5 Nf3 73.h3 Kg7 
74.Kg4 Nd4 75.Kh5 Ne6 76.Kg4 Nf4 77.Be4 Kf6 78.Bc2 Ne2 79.Kh5 Nc3 80.a3 e4
81.Kg4 Ke5 82.h4 e3 83.Kf3 Kd4 84.Bg6 a4 85.bxa4 Nxa4 86.Bc2 Nb2 87.Ke2 
Nxc4 88.a4 Na5 89.Bd1 c4 90.Bc2 Nc6 91.Bd1 Ke4 92.Bc2+ Kf4 93.Bg6 Nd4+ 94.
Ke1 c3 95.Kd1 e2+ 96.Ke1 Ke3 0-1

[Event "12th EUR-ch"]
[Site "Aix-les-Bains FRA"]
[Date "2011.03.26"]
[Round "5.126"]
[White "Mazur, Stefan"]
[Black "Lacour, Serge"]
[Result "1/2-1/2"]
[WhiteElo "2388"]
[BlackElo "2193"]
[EventDate "2011.03.22"]
[PlyCount "66"]

1.e4 c5 2.Nf3 Nc6 3.d4 cxd4 4.Nxd4 e5 5.Nb5 d6 6.N1c3 a6 7.Na3 Be6 8.Nc4 
b5 9.Ne3 Nf6 10.a3 Be7 11.g3 O-O 12.Bg2 Rc8 13.O-O Nd4 14.f4 a5 15.f5 Bc4 
16.Rf2 b4 17.Nb1 d5 18.Nd2 bxa3 19.b3 Ba6 20.exd5 Rc3 21.Nb1 Rxe3 22.Bxe3 
Nxd5 23.Bc1 a2 24.Rxa2 Nb4 25.c4 Nxa2 26.Rxa2 Qb6 27.Be3 Qxb3 28.Qxb3 Nxb3
29.Bd5 Rc8 30.Ra4 Bb4 31.Na3 Nc5 32.Bxc5 Bxc5+ 33.Kg2 Bxa3 1/2-1/2

[Event "12th EUR-ch"]
[Site "Aix-les-Bains FRA"]
[Date "2011.03.26"]
[Round "5.127"]
[White "Rindlisbacher, Lars"]
[Black "Diermair, Andreas"]
[Result "0-1"]
[WhiteElo "2202"]
[BlackElo "2386"]
[EventDate "2011.03.22"]
[PlyCount "128"]

1.e4 e5 2.Nf3 Nc6 3.Bb5 a6 4.Ba4 Nf6 5.O-O Be7 6.Re1 b5 7.Bb3 d6 8.c3 O-O 
9.h3 Nb8 10.d4 Nbd7 11.Nbd2 Bb7 12.Bc2 Re8 13.Nf1 Bf8 14.Ng3 g6 15.a4 Bg7 
16.Bd3 c6 17.Qc2 Rc8 18.Be3 Qc7 19.Nd2 d5 20.Nb3 dxe4 21.Bxe4 exd4 22.cxd4
Nxe4 23.Nxe4 c5 24.Nexc5 Nxc5 25.Qxc5 Qd8 26.Qb4 Qd5 27.f3 Rc4 28.Qd2 Rxa4
29.Rxa4 bxa4 30.Nc5 Bxd4 31.Bxd4 Rxe1+ 32.Qxe1 Qxd4+ 33.Qf2 Qd1+ 34.Kh2 
Qd6+ 35.Kh1 Bc6 36.Qe3 Qf6 37.Nd3 a3 38.bxa3 Qc3 39.Qc5 Qxd3 40.Qxc6 Qxa3 
41.Qe8+ Qf8 42.Qa4 Qd6 43.Qa5 h5 44.Qa4 Kg7 45.Qa1+ Kh7 46.Qa5 Qc6 47.Qa2 
Qc1+ 48.Kh2 Qc7+ 49.Kh1 a5 50.Qa4 Qc5 51.Qf4 Kg7 52.g4 h4 53.g5 Qb4 54.
Qf6+ Kg8 55.Qd8+ Kh7 56.Qe8 Qf4 57.Qd7 Qxf3+ 58.Kg1 Qf4 59.Qd8 Qg3+ 60.Kh1
Qxh3+ 61.Kg1 Qf5 62.Qe8 Qxg5+ 63.Kh2 Qf4+ 64.Kg1 h3 0-1

[Event "12th EUR-ch"]
[Site "Aix-les-Bains FRA"]
[Date "2011.03.26"]
[Round "5.128"]
[White "Chubar, Vladimir"]
[Black "Kurnosov, Igor"]
[Result "0-1"]
[WhiteElo "2124"]
[BlackElo "2653"]
[EventDate "2011.03.22"]
[PlyCount "46"]

1.d4 Nf6 2.Nf3 g6 3.Bg5 Bg7 4.Nbd2 h6 5.Bxf6 exf6 6.e4 O-O 7.Bc4 f5 8.exf5
d5 9.Bd3 Re8+ 10.Kf1 gxf5 11.c3 f4 12.Qc2 Na6 13.Bh7+ Kf8 14.Bf5 c5 15.Nb3
Qb6 16.dxc5 Nxc5 17.Nbd4 Bxf5 18.Qxf5 Qxb2 19.Re1 Ne4 20.Ne2 Qb6 21.Nfd4 
Bxd4 22.cxd4 Qxd4 23.Qxf4 Nd2+ 0-1

[Event "12th EUR-ch"]
[Site "Aix-les-Bains FRA"]
[Date "2011.03.26"]
[Round "5.129"]
[White "Ravot, Sylvain"]
[Black "Hovhannisyan, Robert"]
[Result "0-1"]
[WhiteElo "2268"]
[BlackElo "2560"]
[EventDate "2011.03.22"]
[PlyCount "108"]

1.d4 Nf6 2.c4 e6 3.Nf3 Bb4+ 4.Nbd2 O-O 5.a3 Bxd2+ 6.Bxd2 b6 7.Bg5 Bb7 8.e3
d6 9.Bd3 Nbd7 10.O-O Qe8 11.Re1 Ne4 12.Bxe4 Bxe4 13.Nd2 Bg6 14.e4 e5 15.d5
f5 16.f3 h6 17.Bh4 Nc5 18.Qc2 fxe4 19.fxe4 a5 20.b3 Bh7 21.Bf2 Nd7 22.b4 
axb4 23.axb4 Rxa1 24.Rxa1 Nf6 25.Re1 Qg6 26.Qb3 Qf7 27.Qf3 Qd7 28.Qb3 Ra8 
29.c5 Qb5 30.cxb6 cxb6 31.Qc4 Qxc4 32.Nxc4 Nxe4 33.Bxb6 Rc8 34.Ne3 Rc3 35.
Ba5 Nf6 36.Kf2 Be4 37.Rd1 Kf7 38.Ke2 Ke7 39.Rd2 Rb3 40.g3 h5 41.Kf2 Ng4+ 
42.Nxg4 hxg4 43.Ke2 Bf3+ 44.Kf2 g6 45.Bb6 Rxb4 46.Be3 Rb5 47.h3 Rxd5 48.
Rxd5 Bxd5 49.hxg4 Ke6 50.Bb6 Bb3 51.Ke3 d5 52.Kd3 d4 53.Bc7 Kd5 54.Kd2 e4 
0-1

[Event "12th EUR-ch"]
[Site "Aix-les-Bains FRA"]
[Date "2011.03.26"]
[Round "5.130"]
[White "Sedlak, Nikola"]
[Black "Lefebvre, Herve"]
[Result "1-0"]
[WhiteElo "2556"]
[BlackElo "2284"]
[EventDate "2011.03.22"]
[PlyCount "123"]

1.d4 d5 2.c4 c6 3.Nf3 Nf6 4.e3 Bf5 5.Nc3 e6 6.Nh4 Bg6 7.Bd2 Nbd7 8.Nxg6 
hxg6 9.Qc2 Qc7 10.h3 a6 11.Bd3 Be7 12.O-O g5 13.cxd5 exd5 14.e4 dxe4 15.
Nxe4 g4 16.Rfe1 Kf8 17.Ng5 Nd5 18.Bf5 Bxg5 19.Bxg5 gxh3 20.Bxh3 Rh5 21.Qd2
f6 22.Be3 Re8 23.Qd1 Rxh3 24.gxh3 Rxe3 25.Rxe3 Nxe3 26.fxe3 Qg3+ 27.Kf1 
Qxh3+ 28.Ke2 Qg2+ 29.Kd3 Qxb2 30.Qb1 Qa3+ 31.Ke2 b5 32.Qb3 Qd6 33.Rh1 Ke8 
34.Qg8+ Nf8 35.Qxg7 Qd5 36.Ra1 Qc4+ 37.Kf3 Qd5+ 38.Kg3 Qd6+ 39.Kf2 c5 40.
Rf1 Nd7 41.Qg8+ Ke7 42.Rh1 Nf8 43.Rh8 Ke8 44.dxc5 Qd2+ 45.Kf3 Qd1+ 46.Ke4 
f5+ 47.Ke5 Qa1+ 48.Kxf5 Qf1+ 49.Ke5 Qa1+ 50.Kf5 Qf1+ 51.Ke5 Qa1+ 52.Kd6 
Qf6+ 53.Kd5 Qf5+ 54.Kc6 Qd7+ 55.Kb6 Qd8+ 56.Kxa6 Qa8+ 57.Kxb5 Qb7+ 58.Ka4 
Qa8+ 59.Kb4 Qe4+ 60.Qc4 Qb1+ 61.Ka4 Qd1+ 62.Qb3 1-0

[Event "12th EUR-ch"]
[Site "Aix-les-Bains FRA"]
[Date "2011.03.27"]
[Round "6.1"]
[White "Nisipeanu, Liviu-Dieter"]
[Black "Potkin, Vladimir"]
[Result "1/2-1/2"]
[WhiteElo "2673"]
[BlackElo "2653"]
[EventDate "2011.03.22"]
[PlyCount "33"]

1.d4 d5 2.c4 c6 3.Nc3 Nf6 4.e3 e6 5.Nf3 Nbd7 6.Qc2 Bd6 7.Bd3 dxc4 8.Bxc4 
O-O 9.O-O a6 10.Rd1 b5 11.Be2 Qc7 12.Ne4 Nxe4 13.Qxe4 Bb7 14.b3 c5 15.Qh4 
Rfe8 16.Bb2 Be7 17.Qg3 1/2-1/2

[Event "12th EUR-ch"]
[Site "Aix-les-Bains FRA"]
[Date "2011.03.27"]
[Round "6.2"]
[White "Wirig, Anthony"]
[Black "Parligras, Mircea-Emilian"]
[Result "1/2-1/2"]
[WhiteElo "2480"]
[BlackElo "2598"]
[EventDate "2011.03.22"]
[PlyCount "54"]

1.d4 Nf6 2.Nf3 e6 3.c4 b6 4.Nc3 Bb4 5.Bd2 Bb7 6.e3 O-O 7.Bd3 d6 8.Qc2 Nbd7
9.Ne4 Bxd2+ 10.Nfxd2 Nxe4 11.Bxe4 Bxe4 12.Qxe4 c5 13.O-O Nf6 14.Qh4 Rc8 
15.Rfd1 cxd4 16.Qxd4 d5 17.cxd5 Qxd5 18.Nf3 Rc2 19.Qxd5 Nxd5 20.Rab1 Rfc8 
21.Nd4 R2c5 22.Nb3 Rc4 23.Rbc1 Kf8 24.Rxc4 Rxc4 25.Rc1 b5 26.Kf1 Rxc1+ 27.
Nxc1 Ke7 1/2-1/2

[Event "12th EUR-ch"]
[Site "Aix-les-Bains FRA"]
[Date "2011.03.27"]
[Round "6.3"]
[White "Saric, Ivan"]
[Black "Wojtaszek, Radoslaw"]
[Result "1/2-1/2"]
[WhiteElo "2626"]
[BlackElo "2711"]
[EventDate "2011.03.22"]
[PlyCount "99"]

1.e4 c5 2.Nf3 d6 3.d4 cxd4 4.Nxd4 Nf6 5.Nc3 a6 6.Be3 e5 7.Nf3 Be7 8.Bc4 
O-O 9.O-O Nc6 10.Qe2 Na5 11.Bd3 Be6 12.Na4 Nd7 13.c4 Rc8 14.b3 Bg4 15.Rad1
Nc5 16.Bxc5 dxc5 17.Bb1 Qe8 18.h3 Bxf3 19.Qxf3 Nc6 20.Rd5 Nd4 21.Qg4 f6 
22.Qd7 b5 23.cxb5 axb5 24.Nc3 Qxd7 25.Rxd7 Rf7 26.Rb7 Bd8 27.Rxb5 Nxb5 28.
Nxb5 Rd7 29.Na3 Ba5 30.Nc4 Ra8 31.f3 Kf7 32.Kf2 Rd4 33.Ke2 Bb4 34.Rd1 Rxd1
35.Kxd1 Bc3 36.a4 Rb8 37.Bc2 h5 38.Ke2 Ke6 39.Na3 Bb4 40.Nc4 Bc3 41.Na3 
Bb4 42.Nc4 Kd7 43.Bd3 Bc3 44.Kd1 Bd4 45.Kc2 h4 46.Na3 Kc6 47.Nb5 Rd8 48.
Bc4 Kb6 49.Bd5 Rd7 50.Na3 1/2-1/2

[Event "12th EUR-ch"]
[Site "Aix-les-Bains FRA"]
[Date "2011.03.27"]
[Round "6.4"]
[White "Romanov, Evgeny"]
[Black "Vallejo Pons, Francisco"]
[Result "0-1"]
[WhiteElo "2624"]
[BlackElo "2707"]
[EventDate "2011.03.22"]
[PlyCount "74"]

1.c4 c6 2.Nf3 d5 3.e3 Nf6 4.Nc3 e6 5.Qc2 Bd6 6.b3 O-O 7.Bb2 c5 8.cxd5 exd5
9.Ng5 g6 10.h4 Nc6 11.Bd3 Nb4 12.Qb1 Nxd3+ 13.Qxd3 Bf5 14.Nxd5 Bxd3 15.
Nxf6+ Kh8 16.h5 Be7 17.Nfxh7+ Kg8 18.hxg6 Bxg6 19.Nxf8 Bf6 20.Nxg6 Bxb2 
21.Nxf7 Kxf7 22.Rb1 Qd3 23.Rxb2 Qxg6 24.g3 Qg7 25.Rb1 Rh8 26.Ke2 b6 27.a4 
Ke6 28.Rxh8 Qxh8 29.Rc1 Qh5+ 30.f3 Qh2+ 31.Kd3 Qxg3 32.f4 Qg6+ 33.Kc3 Qe4 
34.Rc2 Kf5 35.Kb2 Qd3 36.a5 Kg4 37.axb6 axb6 0-1

[Event "12th EUR-ch"]
[Site "Aix-les-Bains FRA"]
[Date "2011.03.27"]
[Round "6.5"]
[White "Sutovsky, Emil"]
[Black "Hammer, Jon Ludvig"]
[Result "0-1"]
[WhiteElo "2692"]
[BlackElo "2606"]
[EventDate "2011.03.22"]
[PlyCount "88"]

1.e4 e5 2.Nf3 Nc6 3.Bb5 Nf6 4.O-O Nxe4 5.d4 Nd6 6.Bxc6 dxc6 7.dxe5 Nf5 8.
Qxd8+ Kxd8 9.h3 Bd7 10.Rd1 Be7 11.Bg5 Kc8 12.g4 h6 13.Bxe7 Nxe7 14.Kh2 Re8
15.Nbd2 b6 16.Re1 c5 17.Ne4 Bc6 18.h4 Kb7 19.Rad1 Ng6 20.h5 Nf8 21.Kg3 Re7
22.Rd3 Rae8 23.Ned2 g6 24.Rde3 gxh5 25.g5 hxg5 26.Nxg5 Ne6 27.Nxe6 fxe6 
28.Ne4 Rg7+ 29.Kh3 Bxe4 30.Rxe4 Rf8 31.f4 Rg4 32.Rf1 Kc6 33.c4 Rd8 34.Re3 
Rd4 35.f5 Rh4+ 36.Kg2 Rdg4+ 37.Rg3 Rxg3+ 38.Kxg3 Rg4+ 39.Kh3 exf5 40.Rxf5 
Rxc4 41.Rxh5 Kd5 42.Rh7 Rc2 43.Rxc7 Rxb2 44.Rxa7 Kxe5 0-1

[Event "12th EUR-ch"]
[Site "Aix-les-Bains FRA"]
[Date "2011.03.27"]
[Round "6.6"]
[White "Polgar, Judit"]
[Black "Ragger, Markus"]
[Result "0-1"]
[WhiteElo "2686"]
[BlackElo "2614"]
[EventDate "2011.03.22"]
[PlyCount "78"]

1.e4 c6 2.d4 d5 3.f3 Qb6 4.Nc3 dxe4 5.fxe4 e5 6.dxe5 Be6 7.Nf3 Nd7 8.Bd3 
Ne7 9.Qe2 Ng6 10.Bd2 Ndxe5 11.Nd5 Nxd3+ 12.cxd3 cxd5 13.exd5 Qxb2 14.O-O 
Nf4 15.Qe4 Nxd5 16.Rab1 Qa3 17.Rxb7 Nf6 18.Qc6+ Nd7 19.d4 Qd6 20.Qa4 Qd5 
21.Rfb1 Bd6 22.Qa6 Be7 23.R1b5 Qe4 24.Rxd7 Bxd7 25.Re5 Qb1+ 26.Kf2 Qb6 27.
Qe2 O-O 28.Rxe7 Be6 29.Qe5 Rad8 30.a4 Qb2 31.Kg3 Qb3 32.Rxa7 Rd5 33.Qf4 g5
34.Qc7 g4 35.Rb7 Qd3 36.Rb8 gxf3 37.Rxf8+ Kxf8 38.Bh6+ Ke8 39.Qc6+ Ke7 0-1

[Event "12th EUR-ch"]
[Site "Aix-les-Bains FRA"]
[Date "2011.03.27"]
[Round "6.7"]
[White "Savchenko, Boris"]
[Black "Zhigalko, Sergei"]
[Result "0-1"]
[WhiteElo "2616"]
[BlackElo "2680"]
[EventDate "2011.03.22"]
[PlyCount "120"]

1.e4 c5 2.Nf3 Nc6 3.Nc3 Nf6 4.Bb5 Qc7 5.O-O Nd4 6.Nxd4 cxd4 7.Nd5 Nxd5 8.
exd5 Qc5 9.c4 a6 10.b4 Qxb4 11.Ba4 g6 12.d3 Bg7 13.Bd2 Qa3 14.Rb1 Qxd3 15.
d6 e6 16.c5 b5 17.Bc2 Qc4 18.Be4 Ra7 19.Ba5 f5 20.Bf3 e5 21.Bb6 Rb7 22.Qd2
O-O 23.Be2 Qd5 24.a4 Rxb6 25.cxb6 Bb7 26.f3 e4 27.Bd1 Qxd6 28.axb5 axb5 
29.fxe4 fxe4 30.Bb3+ Kh8 31.Rxf8+ Bxf8 32.Qf2 Kg7 33.Rf1 Be7 34.Qc2 e3 35.
Rf7+ Kh6 36.Qe2 Qe5 37.Kf1 Be4 38.Bc2 Qxh2 39.Ke1 Qg3+ 40.Kd1 Bxc2+ 41.
Kxc2 Bd8 42.b7 Qc7+ 43.Kb2 Qc3+ 44.Ka2 Bc7 45.g3 Bxg3 46.Qf1 Qc4+ 47.Kb2 
Qc3+ 48.Kb1 Qb3+ 49.Ka1 e2 50.Qh1+ Kg5 51.b8=Q Qd1+ 52.Kb2 Qd2+ 53.Kb3 
Qe3+ 54.Ka2 Bxb8 55.Qd5+ Be5 56.Qg2+ Bg3 57.Qd5+ Qe5 58.Qxd7 e1=Q 59.Qd8+ 
Kg4 60.Qd7+ Qe6+ 0-1

[Event "12th EUR-ch"]
[Site "Aix-les-Bains FRA"]
[Date "2011.03.27"]
[Round "6.8"]
[White "Volokitin, Andrei"]
[Black "Reinderman, Dimitri"]
[Result "1-0"]
[WhiteElo "2677"]
[BlackElo "2601"]
[EventDate "2011.03.22"]
[PlyCount "67"]

1.d4 Nf6 2.c4 g6 3.Nc3 Bg7 4.e4 d6 5.Nf3 O-O 6.Be2 e5 7.O-O Nc6 8.d5 Ne7 
9.Ne1 Nd7 10.Be3 f5 11.f3 f4 12.Bf2 g5 13.Nd3 Ng6 14.c5 Nf6 15.Rc1 Rf7 16.
a4 h5 17.a5 g4 18.Nb5 g3 19.hxg3 fxg3 20.Bxg3 h4 21.Bh2 Bh6 22.f4 Nxe4 23.
cxd6 Nxd6 24.Bh5 Rg7 25.Nxc7 Bh3 26.gxh3 Nxf4+ 27.Kh1 Rxc7 28.Rxc7 Qxc7 
29.Nxe5 Nxh5 30.Qxh5 Bg7 31.Ng4 Qe7 32.Bxd6 Qxd6 33.Qf7+ Kh8 34.Rf5 1-0

[Event "12th EUR-ch"]
[Site "Aix-les-Bains FRA"]
[Date "2011.03.27"]
[Round "6.9"]
[White "Moiseenko, Alexander"]
[Black "Guseinov, Gadir"]
[Result "1/2-1/2"]
[WhiteElo "2673"]
[BlackElo "2584"]
[EventDate "2011.03.22"]
[PlyCount "36"]

1.d4 Nf6 2.c4 g6 3.Nc3 Bg7 4.e4 d6 5.Nf3 O-O 6.Be2 c5 7.d5 e6 8.O-O exd5 
9.cxd5 Bg4 10.Bg5 Bxf3 11.Bxf3 Re8 12.Qc2 Nbd7 13.Be2 a6 14.a4 Rc8 15.a5 
c4 16.Ra4 h6 17.Bxf6 Bxf6 18.Bg4 Rc5 1/2-1/2

[Event "12th EUR-ch"]
[Site "Aix-les-Bains FRA"]
[Date "2011.03.27"]
[Round "6.10"]
[White "Kovchan, Alexander"]
[Black "Kobalia, Mikhail"]
[Result "1/2-1/2"]
[WhiteElo "2563"]
[BlackElo "2672"]
[EventDate "2011.03.22"]
[PlyCount "26"]

1.e4 c5 2.Nf3 e6 3.d4 cxd4 4.Nxd4 Nc6 5.Nc3 Qc7 6.Nxc6 bxc6 7.Bd3 Nf6 8.
O-O Be7 9.Qe2 d5 10.exd5 exd5 11.Re1 Be6 12.Qf3 O-O 13.h3 Bd6 1/2-1/2

[Event "12th EUR-ch"]
[Site "Aix-les-Bains FRA"]
[Date "2011.03.27"]
[Round "6.11"]
[White "Cheparinov, Ivan"]
[Black "Mastrovasilis, Dimitrios"]
[Result "1-0"]
[WhiteElo "2664"]
[BlackElo "2584"]
[EventDate "2011.03.22"]
[PlyCount "75"]

1.d4 d5 2.c4 c6 3.Nc3 Nf6 4.Nf3 dxc4 5.a4 Bf5 6.Ne5 Na6 7.e3 Nb4 8.Bxc4 e6
9.O-O Bd6 10.Qe2 Nc2 11.Ra2 Nb4 12.Ra1 Nc2 13.Rb1 Nd5 14.Bd2 O-O 15.Nf3 
Bg4 16.h3 Bh5 17.g4 Bg6 18.e4 Nb6 19.Bb3 Nb4 20.Ne5 c5 21.Nxg6 hxg6 22.Nb5
cxd4 23.Nxd4 Bc5 24.Rbd1 Qe7 25.Nf3 Nc6 26.a5 Qc7 27.Kg2 Nd7 28.Rc1 Rac8 
29.Rfd1 Qb8 30.Be1 Bd6 31.Ba4 Bf4 32.Rxc6 bxc6 33.Rxd7 Rc7 34.Rd1 Rd8 35.
Bc3 c5 36.Ne5 Qa8 37.Rxd8+ Qxd8 38.Bb5 1-0

[Event "12th EUR-ch"]
[Site "Aix-les-Bains FRA"]
[Date "2011.03.27"]
[Round "6.12"]
[White "Khismatullin, Denis"]
[Black "Zhigalko, Andrey"]
[Result "1-0"]
[WhiteElo "2662"]
[BlackElo "2571"]
[EventDate "2011.03.22"]
[PlyCount "59"]

1.d4 Nf6 2.c4 g6 3.f3 Bg7 4.e4 O-O 5.Be3 d6 6.Ne2 c6 7.Nbc3 e5 8.d5 cxd5 
9.cxd5 Ne8 10.Qd2 f5 11.O-O-O Bd7 12.exf5 gxf5 13.g4 fxg4 14.fxg4 Bxg4 15.
Rg1 Bh5 16.Rg5 Nf6 17.Bh3 Nbd7 18.Ng3 Bxd1 19.Nf5 Bh5 20.Rxg7+ Kh8 21.Bh6 
Bg6 22.Ne7 Qe8 23.Qg5 Rf7 24.Nxg6+ hxg6 25.Qxg6 Re7 26.Qg5 Qf8 27.Rg6 Qf7 
28.Be6 Ne4 29.Nxe4 Qf1+ 30.Kd2 1-0

[Event "12th EUR-ch"]
[Site "Aix-les-Bains FRA"]
[Date "2011.03.27"]
[Round "6.13"]
[White "Feller, Sebastien"]
[Black "Papin, Vasily"]
[Result "1-0"]
[WhiteElo "2657"]
[BlackElo "2569"]
[EventDate "2011.03.22"]
[PlyCount "65"]

1.d4 d5 2.c4 e6 3.Nc3 c6 4.e3 Nf6 5.Nf3 Nbd7 6.Bd3 dxc4 7.Bxc4 b5 8.Bd3 
Bd6 9.O-O O-O 10.b3 a6 11.Bb2 Re8 12.Rc1 Bb7 13.Ne4 Nxe4 14.Bxe4 Rc8 15.
Qe2 Qb6 16.Rfd1 c5 17.Ng5 h6 18.Nxf7 Bxh2+ 19.Kxh2 Qc7+ 20.Kg1 Bxe4 21.
Nxh6+ Kh7 22.Nf7 Kg6 23.Nd6 Qxd6 24.Qg4+ Kh7 25.dxc5 Qe7 26.Qxe4+ Kg8 27.
b4 Rf8 28.Rd6 Rce8 29.Qb7 Qf7 30.f3 Re7 31.Qe4 Nf6 32.Bxf6 Qxf6 33.Rcd1 
1-0